Ang finaccasimpleng aklat sa financial accounting / (Record no. 355987)
[ view plain ]
| 000 -LEADER | |
|---|---|
| fixed length control field | 00268nam a2200097Ia 4500 |
| 008 - FIXED-LENGTH DATA ELEMENTS--GENERAL INFORMATION | |
| fixed length control field | 180219s9999 xx 000 0 und d |
| 100 ## - MAIN ENTRY--PERSONAL NAME | |
| Personal name | Domingo, James Christopher |
| 245 ## - TITLE STATEMENT | |
| Title | Ang finaccasimpleng aklat sa financial accounting / |
| 260 ## - PUBLICATION, DISTRIBUTION, ETC. (IMPRINT) | |
| Date of publication, distribution, etc | 2006 |
| 300 ## - PHYSICAL DESCRIPTION | |
| Extent | 595 pages |
| Withdrawn status | Lost status | Damaged status | Home library | Current library | Shelving location | Date acquired | Source of acquisition | Total Checkouts | Total Renewals | Full call number | Barcode | Date last seen | Date checked out | Price effective from | Koha item type |
|---|---|---|---|---|---|---|---|---|---|---|---|---|---|---|---|
| College Library | College Library | Filipiniana Section | 02/19/2018 | 1 | 4 | HF 5635 .D671 2006 | c21260 | 10/05/2018 | 09/12/2018 | 02/19/2018 | Books |